CREO EN EL HOMBRE: ENSAYOS ANTROPOLOGICOS/

সংরক্ষণ করুন:
গ্রন্থ-পঞ্জীর বিবরন
প্রধান লেখক: Siri, Carlos Alberto (autor)
বিন্যাস: গ্রন্থ
মালা:NARRADORES; 6
বিষয়গুলি:
ট্যাগগুলো: ট্যাগ যুক্ত করুন
কোনো ট্যাগ নেই, প্রথমজন হিসাবে ট্যাগ করুন!

MARC

LEADER 00000nam^a2200000^a^4500
001 000219829
005 20250521000000.0
009 20260310103827.888
035 |a 003222 
037 |a Acervo Xavier Clavigero 
082 |a 233.  |b SIR 
100 |a Siri, Carlos Alberto  |e (autor) 
245 1 0 |a CREO EN EL HOMBRE:  |b ENSAYOS ANTROPOLOGICOS/  |c CARLOS A. SIRI 
264 |a SAN SALVADOR :  |b MINISTERIO DE EDUCACION, DIRECCION DE CULTURA,  |c 1973 
300 |a 369p. 
336 |a texto  |b txt  |2 rdacontenido 
337 |a sin mediación  |b n  |2 rdamedio 
338 |a volumen  |b nc  |2 rdasoporte 
440 |a NARRADORES;  |v 6 
649 |a XX 
650 |a Hombre (Teología) 
910 |a Fondo General 
920 |a Impresos - Libros 
930 |a Colección General 
905 |a 101 
901 |a 003222  |b IT1  |c ACC  |i 003222  |u 20250521 
902 |a https://opac.biblio.iteso.mx/vufind/Record/000219829